[Event "SRB-chT 2nd League"]
[Site "Novi Sad"]
[Date "2023.11.06"]
[Round "7.6"]
[White "Santrac, Bozo"]
[Black "Zolotic, Zoran"]
[Result "0-1"]
[WhiteElo "1972"]
[BlackElo "2193"]
[PlyCount "62"]
[EventDate "2023.11.02"]
[EventType "team-tourn"]
[EventRounds "11"]
[EventCountry "SRB"]
[SourceTitle "CB46_2023"]
[SourceDate "2023.11.15"]
[SourceVersion "1"]
[SourceVersionDate "2023.11.15"]
[SourceQuality "1"]
[WhiteTeam "Zlatica"]
[BlackTeam "Mladenovo"]
[WhiteTeamCountry "SRB"]
[BlackTeamCountry "SRB"]

1. e4 g6 2. d4 Bg7 3. Bc4 d6 4. Nf3 Nf6 5. Qe2 0-0 6. Bg5 c6 7. Bb3 a5 8. c3 Qc7 9. Nbd2 e5 10. h3 Nbd7 11. 0-0 Qb6 12. Rab1 Qc7 13. Qe3 a4 14. Bc2 Re8 15. Bh6 Bh8 16. Rfe1 b5 17. b3 exd4 18. cxd4 Nd5 19. Qd3 Nb4 20. Qc3 Nxa2 21. Qb2 Nb4 22. bxa4 Nxc2 23. Qxc2 bxa4 24. Ra1 Nb6 25. Ra3 Bd7 26. Bf4 Bg7 27. Nc4 Nxc4 28. Qxc4 c5 29. Ng5 d5 30. Qc1 Qa5 31. dxc5 Bb2 0-1

[Event "Vojvodina-chT 2nd League"]
[Site "Novi Sad"]
[Date "2018.11.16"]
[Round "11.1"]
[White "Santrac, Bozo"]
[Black "Besedes, Danilo"]
[Result "0-1"]
[WhiteElo "1968"]
[BlackElo "2290"]
[PlyCount "37"]
[EventDate "2018.11.09"]
[EventType "team-tourn"]
[EventRounds "11"]
[EventCountry "SRB"]
[SourceTitle "CBM 187 Extra"]
[Source "ChessBase"]
[SourceDate "2018.11.04"]
[SourceVersion "1"]
[SourceVersionDate "2018.11.04"]
[SourceQuality "1"]
[WhiteTeam "Srpska Crnja Buducnost"]
[BlackTeam "Elemir Naftagas"]
[WhiteTeamCountry "SRB"]
[BlackTeamCountry "SRB"]

1. e4 e6 2. Nh3 d5 3. f3 dxe4 4. fxe4 e5 5. Nf2 Bc5 6. Be2 Bxf2+ 7. Kxf2 Qh4+ 8. g3 Qxe4 9. Bf3 Qd4+ 10. Kg2 Ne7 11. c3 Qd3 12. Re1 Nbc6 13. Re3 Qf5 14. Be4 Qh3+ 15. Kg1 0-0 16. d4 exd4 17. cxd4 Bg4 18. Qd3 Nf5 19. Bg2 0-1

[Event "Vojvodina-chT 2nd League"]
[Site "Novi Sad"]
[Date "2018.11.15"]
[Round "9.2"]
[White "Kecskemeti, Arpad"]
[Black "Santrac, Bozo"]
[Result "1/2-1/2"]
[WhiteElo "2195"]
[BlackElo "1968"]
[PlyCount "121"]
[EventDate "2018.11.09"]
[EventType "team-tourn"]
[EventRounds "11"]
[EventCountry "SRB"]
[SourceTitle "CBM 187 Extra"]
[Source "ChessBase"]
[SourceDate "2018.11.04"]
[SourceVersion "1"]
[SourceVersionDate "2018.11.04"]
[SourceQuality "1"]
[WhiteTeam "Backa Pacir"]
[BlackTeam "Srpska Crnja Buducnost"]
[WhiteTeamCountry "SRB"]
[BlackTeamCountry "SRB"]

1. e4 e5 2. Nf3 d6 3. d4 f5 4. dxe5 fxe4 5. Ng5 d5 6. e6 Bc5 7. Qe2 Nc6 8. Qb5 Bb6 9. Nc3 Nf6 10. Bf4 a6 11. Qa4 0-0 12. 0-0-0 h6 13. h4 hxg5 14. hxg5 Bxe6 15. gxf6 Qxf6 16. g3 Rad8 17. Bh3 Bf7 18. Rd2 Ne5 19. Nxe4 dxe4 20. Qxe4 Ng6 21. Bf5 Rxd2 22. Bxd2 Re8 23. Qg4 Bd4 24. c3 Be5 25. f4 Bd6 26. Bc2 Kf8 27. c4 c5 28. Bc3 Bxf4+ 29. gxf4 Qxf4+ 30. Qxf4 Nxf4 31. Kb1 Ne6 32. Rf1 Nd4 33. Bg6 Re7 34. Bd3 Kg8 35. Bd2 Rd7 36. Be3 b6 37. Rh1 g6 38. Bf4 Re7 39. b3 Re6 40. Kb2 a5 41. Rh3 Kg7 42. a4 Nf5 43. Bd2 Nd4 44. Bf4 Be8 45. Re3 Kf6 46. Rh3 Nf5 47. Rh7 Bf7 48. Rh8 g5 49. Bc7 g4 50. Bxf5 Kxf5 51. Rf8 Kg6 52. Rb8 Kf5 53. Rxb6 Re2+ 54. Ka3 Re3 55. Rb5 g3 56. Rxa5 g2 57. Bh2 Re1 58. Rxc5+ Kg6 59. Rc6+ Kg5 60. Rc7 Kg6 61. Rc6+ 1/2-1/2

[Event "Vojvodina-chT"]
[Site "Novi Sad"]
[Date "2017.11.15"]
[Round "3.5"]
[White "Ljubisavljevic, Zivojin Z"]
[Black "Santrac, Bozo"]
[Result "1/2-1/2"]
[WhiteElo "2129"]
[BlackElo "2006"]
[PlyCount "72"]
[EventDate "2017.11.13"]
[EventType "team-tourn"]
[EventRounds "11"]
[EventCountry "SRB"]
[SourceTitle "CBM 181 Extra"]
[Source "ChessBase"]
[SourceDate "2017.12.12"]
[SourceVersion "1"]
[SourceVersionDate "2017.12.12"]
[SourceQuality "1"]
[WhiteTeam "Indija Sloga"]
[BlackTeam "Srpska Crnja Buducnost"]
[WhiteTeamCountry "SRB"]
[BlackTeamCountry "SRB"]

1. e4 e5 2. Nf3 d6 3. d4 exd4 4. Nxd4 Ne7 5. c4 Nbc6 6. Bg5 h6 7. Nxc6 bxc6 8. Be3 Ng6 9. Nc3 Be7 10. Be2 a5 11. 0-0 Bf6 12. Qd2 0-0 13. Rad1 Qe7 14. Bd4 Bxd4 15. Qxd4 Nf4 16. Bf3 Ne6 17. Qd2 Nc5 18. Rfe1 Bd7 19. g3 a4 20. Bg2 Rab8 21. f4 f6 22. Rc1 Qf7 23. e5 fxe5 24. fxe5 Qg6 25. Ne4 Nxe4 26. Bxe4 Qg5 27. Qxg5 hxg5 28. e6 Bxe6 29. Bxc6 Bh3 30. Rc2 Rf6 31. Rce2 Kh7 32. Rd2 Rbf8 33. Bg2 g4 34. b4 a3 35. b5 Kh6 36. Rde2 g6 1/2-1/2

[Event "Vojvodina-chT"]
[Site "Novi Sad"]
[Date "2017.11.15"]
[Round "4.5"]
[White "Santrac, Bozo"]
[Black "Krejic, Igor"]
[Result "0-1"]
[WhiteElo "2006"]
[BlackElo "2264"]
[PlyCount "50"]
[EventDate "2017.11.13"]
[EventType "team-tourn"]
[EventRounds "11"]
[EventCountry "SRB"]
[SourceTitle "CBM 181 Extra"]
[Source "ChessBase"]
[SourceDate "2017.12.12"]
[SourceVersion "1"]
[SourceVersionDate "2017.12.12"]
[SourceQuality "1"]
[WhiteTeam "Srpska Crnja Buducnost"]
[BlackTeam "Novi Sad Vojvodina"]
[WhiteTeamCountry "SRB"]
[BlackTeamCountry "SRB"]

1. e4 c5 2. Nc3 Nc6 3. g3 g6 4. Bg2 Bg7 5. d3 e6 6. Nge2 Nge7 7. 0-0 0-0 8. f4 d6 9. g4 f5 10. Ng3 Nd4 11. Be3 fxg4 12. h3 gxh3 13. Bxh3 b5 14. Qd2 Bd7 15. Qg2 Kh8 16. Nd1 b4 17. Rf2 Rc8 18. Bg4 e5 19. Nf1 Ne6 20. f5 Nf4 21. Bxf4 exf4 22. fxg6 Nxg6 23. Nh2 Bd4 24. Qh3 Bxg4 25. Nxg4 Qh4 0-1